Poesía de Quepilcho: décimas y decir más

Saved in:
Bibliografiske detaljer
Hovedforfatter: Cuneo Ferretti, Carlos (Author)
Format: Bog
Sprog:spansk
Udgivet: Valparaíso Alba S. A 2017
Udgivelse:1a. ed
Fag:
Tags: Tilføj Tag
Ingen Tags, Vær først til at tagge denne postø!

MARC

LEADER 00000cam a2200000 a 4500
001 UCC7587
003 CL-VaPUC
008 190418e20170000cl |||||||||||||||||spa|d
082 0 4 |a Ch861  |b CUN  |2 21 
100 0 |a Cuneo Ferretti, Carlos  |e author  |9 602258 
245 1 0 |a Poesía de Quepilcho: décimas y decir más 
250 |a 1a. ed 
300 |a 184 p 
942 |c BK 
945 |d 20190418 12:46:00  |a dcastane 
260 |a Valparaíso  |b Alba S. A  |c 2017 
650 0 |a Poesías chilenas   |9 265280 
650 7 |a DECIMAS  |2 CL-VaPUC  |9 602259 
650 0 |a Literatura chilena   |9 308278 
583 |a last modification  |c 20190418 12:46:00  |k Rodrigo Vera 
999 |c 374196  |d 374194 
952 |0 0  |1 0  |3 erb  |4 0  |6 CH_861_000000000000000_CUN_2017  |7 0  |8 X  |9 492681  |a FDOMLP  |b FDOMLP  |i 5543444  |o Ch861 CUN 2017  |p 5543444  |r 2019-11-24  |w 2019-11-24  |y BK_X  |z Catalogado en:20190418  |k BU2